FC 25 Total Rush - Statistics

General Stats
  • This quiz has been taken 18 times
    13 since last reset
  • The average score is 24 of 52
Answer Stats
rat pos rat plaeyr % Correct
Total Rush 89 ST Al-Nassr Cristiano Ronaldo
100%
Total Rush 91 CM Manchester City Kevin De Bruyne
100%
Total Rush 92 ST Real Madrid Kylian Mbappé
100%
Total Rush 90 RW Inter Miami Lionel Messi
89%
Total Rush 90 RW Liverpool Mohamed Salah
89%
Total Rush 91 CM Barça Femení Alexia Putellas
78%
Total Rush 88 CDM Real Madrid Aurélien Tchouaméni
78%
Total Rush 86 CB AC Milan Fikayo Tomori
78%
Total Rush 90 RW Chelsea Women Lauren James
78%
Total Rush 90 ST FC Barcelona Robert Lewandowski
78%
Total Rush 87 RB Liverpool Trent Alexander-Arnold
78%
Total Rush 89 ST Atlético Madrid Antoine Griezmann
67%
Total Rush 90 CAM Bayer Leverkusen Florian Wirtz
67%
Total Rush 86 RB Napoli Giovanni Di Lorenzo
67%
Total Rush 88 CB Paris Saint-Germain Marquinhos
67%
Total Rush 88 LW Al Hilal Neymar
67%
Total Rush 87 CM Paris Saint-Germain Warren Zaïre-Emery
67%
Total Rush 86 ST AS Roma Artem Dovbyk
56%
Total Rush 86 RB Manchester United Diogo Dalot
56%
Total Rush 87 ST Celta Vigo Iago Aspas
56%
Total Rush 87 CB Arsenal Women Leah Williamson
56%
Total Rush 86 CM Borussia Dortmund Marcel Sabitzer
56%
Total Rush 86 CDM VfL Wolfsburg Maximilian Arnold
56%
Total Rush 87 LB Bayern Munich Raphaël Guerreiro
56%
Total Rush 85 CB Atlético Madrid Cèsar Azpilicueta
44%
Total Rush 88 CM FC Barcelona Frenkie De Jong
44%
Total Rush 88 CAM Brighton Georginio Rutter
44%
Total Rush 88 LW PSG Féminines Lieke Martens-van Leer
44%
Total Rush 88 CAM Orlando Pride Marta
33%
Total Rush 85 CM OGC Nice Tanguy Ndombele
33%
Total Rush 86 RM Fulham Alex Iwobi
22%
Total Rush 86 CB Sporting KC Andreu Fontàs
22%
Total Rush 84 CAM RB Leipzig Eljif Elmas
22%
Total Rush 84 RB Union Berlin Josip Juranović
22%
Total Rush 87 ST Orlando City Luis Muriel
22%
Total Rush 89 LM Chicago Red Stars Mallory Swanson
22%
Total Rush 86 LM Arsenal Raheem Sterling
22%
Total Rush 85 CB Real Betis Ricardo Rodriguez
22%
Total Rush 85 CB Al-Ahli Roger Ibañez
22%
Total Rush 85 LW Lyon Saïd Benrahma
22%
Total Rush 84 LB OL Fémenin Sofie Svava
22%
Total Rush 86 RM Bayern Frauen Sydney Lohmann
22%
Total Rush 85 CM Madrid Femenino Tere Abelleira
22%
Total Rush 84 CB Cagliari Yerry Mina
22%
Total Rush 85 CAM Lille Angel Gomes
11%
Total Rush 85 ST Juventus Arkadiusz Milik
11%
Total Rush 86 CM NJ/NY Gotham Crystal Dunn
11%
Total Rush 84 CB Girona Daley Blind
11%
Total Rush 85 RM Reims Junya Ito
11%
Total Rush 86 LW Wolfsburg Women Lineth Beerensteyn
11%
Total Rush 85 RW New England Revolution Nacho Gil
11%
Total Rush 84 LW Vancouver Whitecaps Ryan Gauld
11%
No matching quizzes found
Score Distribution
Percent of People with Each Score
Percentile by Number Answered
Your Score History
You have not taken this quiz since the last reset